Ciencia y gobierno
Saved in:
| Hovedforfatter: | |
|---|---|
| Format: | Bog |
| Sprog: | spansk |
| Udgivet: |
Barcelona
Seix Barral
1963
|
| Serier: | Biblioteca Breve
|
| Fag: | |
| Tags: |
Tilføj Tag
Ingen Tags, Vær først til at tagge denne postø!
|
MARC
| LEADER | 00000nam a2200000 a 4500 | ||
|---|---|---|---|
| 001 | UCT1591 | ||
| 003 | CL-VaPUC | ||
| 008 | 960927e19630000SP |||||||||||||||||spa|d | ||
| 082 | 0 | 4 | |a 321 |b SNO |2 21 |
| 100 | 0 | |a Snow, Charles Percy |e author |9 370541 | |
| 245 | 1 | 0 | |a Ciencia y gobierno |
| 300 | |a 170 p | ||
| 942 | |c BK | ||
| 945 | |d 19960927 00:00:00 |a paguirre | ||
| 260 | |a Barcelona |b Seix Barral |c 1963 | ||
| 650 | 0 | |a Ciencia |9 255691 | |
| 650 | 7 | |a ESTADOS |2 CL-VaPUC |9 357800 | |
| 650 | 0 | |a Gobierno |9 255508 | |
| 650 | 0 | |a Científicos |9 262025 | |
| 650 | 7 | |a POLITICA CIENTIFICA Y TECNOLOGICA |2 CL-VaPUC |9 370542 | |
| 583 | |a last modification |c 19960927 00:00:00 |k Rodrigo Vera | ||
| 490 | 0 | |a Biblioteca Breve | |
| 999 | |c 252071 |d 252069 | ||